<?xml version="1.0" encoding="UTF-8"?>
<record
    xmlns:xsi="http://www.w3.org/2001/XMLSchema-instance"
    xsi:schemaLocation="http://www.loc.gov/MARC21/slim http://www.loc.gov/standards/marcxml/schema/MARC21slim.xsd"
    xmlns="http://www.loc.gov/MARC21/slim">

  <leader>00246nam a2200097Ia 4500</leader>
  <controlfield tag="001">765777</controlfield>
  <controlfield tag="005">20250826165328.0</controlfield>
  <controlfield tag="008">250824s9999    xx            000 0 und d</controlfield>
  <datafield tag="245" ind1=" " ind2="0">
    <subfield code="a">TAHTA AT</subfield>
    <subfield code="c">BAHADIR YEN&#x130;&#x15E;EH&#x130;RL&#x130;O&#x11E;LU</subfield>
  </datafield>
  <datafield tag="260" ind1=" " ind2=" ">
    <subfield code="b">PANAMA YAYINLARI</subfield>
  </datafield>
  <datafield tag="999" ind1=" " ind2=" ">
    <subfield code="c">765777</subfield>
    <subfield code="d">765777</subfield>
  </datafield>
  <datafield tag="952" ind1=" " ind2=" ">
    <subfield code="0">0</subfield>
    <subfield code="1">0</subfield>
    <subfield code="4">0</subfield>
    <subfield code="7">0</subfield>
    <subfield code="a">1029</subfield>
    <subfield code="b">1029</subfield>
    <subfield code="d">2025-08-24</subfield>
    <subfield code="l">2</subfield>
    <subfield code="p">10292805</subfield>
    <subfield code="r">2026-03-26 13:22:07</subfield>
    <subfield code="s">2026-02-13</subfield>
    <subfield code="w">2025-08-26</subfield>
    <subfield code="y">BK</subfield>
  </datafield>
</record>
